<?xml version="1.0" encoding="UTF-8"?>
<collection xmlns="http://www.loc.gov/MARC21/slim">
 <record>
  <leader>00755cam a2200181 7i4500</leader>
  <controlfield tag="001">0000036829</controlfield>
  <controlfield tag="005">20171005090000.0</controlfield>
  <controlfield tag="008">171005s2001    it                  eng   </controlfield>
  <datafield tag="020" ind1="#" ind2="0">
   <subfield code="a">9251047022 </subfield>
  </datafield>
  <datafield tag="090" ind1="0" ind2="0">
   <subfield code="a">S 494.5 .B563 </subfield>
   <subfield code="b">R8 2001</subfield>
  </datafield>
  <datafield tag="100" ind1="1" ind2="#">
   <subfield code="a">Ruane, John </subfield>
  </datafield>
  <datafield tag="245" ind1="1" ind2="0">
   <subfield code="a">Agricultural biotechnology for developing countries : </subfield>
   <subfield code="b">results of an electronic forum  </subfield>
   <subfield code="c">John Ruane and Maria Zimmermann.</subfield>
  </datafield>
  <datafield tag="260" ind1="#" ind2="#">
   <subfield code="a">Rome: </subfield>
   <subfield code="b">Food and Agriculture Organization of the United Nations, </subfield>
   <subfield code="c">2001.</subfield>
  </datafield>
  <datafield tag="300" ind1="#" ind2="#">
   <subfield code="a">viii, 111 p.; </subfield>
   <subfield code="c">30 cm..</subfield>
  </datafield>
  <datafield tag="650" ind1="0" ind2="0">
   <subfield code="a">Agricultural biotechnology -- </subfield>
   <subfield code="x">Congresses -- </subfield>
   <subfield code="z">Developing countries </subfield>
  </datafield>
  <datafield tag="700" ind1="1" ind2="1">
   <subfield code="a">Zimmermann, </subfield>
   <subfield code="h">Maria </subfield>
  </datafield>
  <datafield tag="710" ind1="2" ind2="1">
   <subfield code="a">Food and Agriculture Organization of the United Nations </subfield>
  </datafield>
  <datafield tag="999" ind1=" " ind2=" ">
   <subfield code="a">1100041287</subfield>
   <subfield code="b">Book</subfield>
   <subfield code="c">Open Shelf</subfield>
   <subfield code="e">KOLEKSI TERBUKA</subfield>
  </datafield>
 </record>
</collection>
